A WRITER'S NIGHTMARE (SELECTED ESSAYS 1958-1988) (Record no. 1160862)

MARC details
000 -LEADER
fixed length control field 00285nam a2200109Ia 4500
008 - FIXED-LENGTH DATA ELEMENTS--GENERAL INFORMATION
fixed length control field 240521s1987 xx 000 0 und d
041 ## - LANGUAGE CODE
Language code of text/sound track or separate title eng
100 ## - MAIN ENTRY--PERSONAL NAME
Personal name NARAYAN.R.K
245 ## - TITLE STATEMENT
Title A WRITER'S NIGHTMARE (SELECTED ESSAYS 1958-1988)
260 ## - PUBLICATION, DISTRIBUTION, ETC.
Name of publisher, distributor, etc. PENGUIN BOOKS LTD
Date of publication, distribution, etc. 1987
300 ## - PHYSICAL DESCRIPTION
Extent 240

No items available.